| 000 | 00317 a2200097 4500 | ||
|---|---|---|---|
| 001 | 44 | ||
| 100 | _aBrey, Barry B. | ||
| 245 | _aIntel Microprocessors 8086/8088 80186,80286,80386,80486, Pentium and Pentium Processor: Architecture, Programming and Interfacing | ||
| 260 |
_aUSA _bPrentice Hall _c1994 |
||
| 090 |
_c21 _d21 |
||
| 942 |
_aNUST-CAE _cM _c12224 |
||
| 999 |
_c235117 _d235117 |
||